000 00689nam a22002297a 4500
999 _c5765
_d5765
005 20251104084722.0
008 251104b ||||| |||| 00| 0 eng d
020 _a9781482408836
040 _cKH8
082 _a939 MIL
100 _aMILES,LIZ
_eAUTHOR
245 _aMEET THE ANCIENT GREEKS
260 _a111 EAST 14TH STREET,SUITE 349
_bGARETH STEVENS PUBLISHING
_c2015
300 _a32 PAGES
_bCOLOUR ILLUSTRATION
_c21 CM X 26 CM
520 _aDiscover the past of the Ancient Greeks. Great for curriculum study.
521 _aAges 10-12 years old
650 _aGreek
650 _aHistory
655 _aJuvenile History
655 _aJuvenile Non Fiction
942 _2ddc
_cNFIC